Lilo & Stitch Experiment By Image (200-299) - Statistics

General Stats
  • This quiz has been taken 117 times
  • The average score is 16 of 28
Answer Stats
Picture Hint Answer % Correct
Experiment 221 Sparky
91%
Experiment 262 Ace
84%
Experiment 254 Mr. Stenchy
81%
Experiment 258 Sample
81%
Experiment 228 Melty
74%
Experiment 288 Boomer
72%
Experiment 248 Belle
70%
Experiment 222 Poxy
70%
Experiment 267 Wishy-Washy
70%
Experiment 223 Glitch
67%
Experiment 251 Link
67%
Experiment 210 Retro
67%
Experiment 297 Shortstuff
60%
Experiment 234 Shush
60%
Experiment 277 Snooty
58%
Experiment 202 Jam
56%
Experiment 204 Nosox
53%
Experiment 276 Remmy
53%
Experiment 275 Tickle-Tummy
53%
Experiment 214 Pix
51%
Experiment 285 Lax
49%
Experiment 249 Sproing
44%
Experiment 272 Wormhole
35%
Experiment 227 Butter
33%
Experiment 229 Kingpin
33%
Experiment 255 Mrs. Sickly
30%
Experiment 220 Millie
28%
Experiment 225 Mashy
23%
No matching quizzes found
Score Distribution
Percent of People with Each Score
Percentile by Number Answered
Your Score History
You have not taken this quiz